[Event "Tradewise Gibraltar AmatWk1"]
[Site "Gibraltar"]
[Date "2017.01.23"]
[Round "1.25"]
[White "Guardia Bencomo, Tomas"]
[Black "Kapoor, Gurveen"]
[Result "1/2-1/2"]
[WhiteElo "1759"]
[BlackElo "1540"]
[PlyCount "81"]
[EventDate "2017.01.23"]
[EventType "swiss"]
[EventRounds "5"]
[EventCountry "GGB"]
[SourceTitle "BritBase"]
[Source "www.saund.co.uk"]
[SourceDate "2018.02.10"]
[SourceVersion "1"]
[SourceVersionDate "2018.02.10"]
[SourceQuality "1"]

1. d4 Nf6 2. c4 c5 3. Nf3 cxd4 4. Nxd4 e5 5. Nf3 Nc6 6. Nc3 Bc5 7. e3 O-O 8.
Be2 e4 9. Nd4 Re8 10. a3 a5 11. Ndb5 Na7 12. Nd6 Re6 13. Nxc8 Rxc8 14. b3 Nc6
15. Bb2 Ne5 16. h3 Qe8 17. Nb5 Rcc6 18. Bd4 b6 19. Qd2 Qe7 20. Qb2 Bxd4 21.
Nxd4 Rcd6 22. Nxe6 Qxe6 23. Rd1 Nd3+ 24. Bxd3 exd3 25. O-O Ne4 26. Rd2 Nxd2 27.
Qxd2 a4 28. bxa4 Qxc4 29. Rc1 Qa6 30. a5 bxa5 31. Qxa5 h6 32. Qxa6 Rxa6 33. e4
Rxa3 34. f3 Kf8 35. Kf2 Ra2+ 36. Kf1 Ke7 37. Rd1 Ra3 38. Kf2 Ra2+ 39. Kg3 Ra3
40. Kf4 Ke6 41. Ke3 1/2-1/2

[Event "Tradewise Gibraltar AmatWk1"]
[Site "Gibraltar"]
[Date "2017.01.23"]
[Round "1.26"]
[White "Bargil, Benny"]
[Black "Carbonnier, Arnaud"]
[Result "0-1"]
[WhiteElo "1519"]
[BlackElo "1750"]
[PlyCount "82"]
[EventDate "2017.01.23"]
[EventType "swiss"]
[EventRounds "5"]
[EventCountry "GGB"]
[SourceTitle "BritBase"]
[Source "www.saund.co.uk"]
[SourceDate "2018.02.10"]
[SourceVersion "1"]
[SourceVersionDate "2018.02.10"]
[SourceQuality "1"]

1. d4 d5 2. c4 c6 3. Bf4 Nf6 4. Nf3 e6 5. Nc3 Bd6 6. Bxd6 Qxd6 7. e3 O-O 8. Qc2
Nbd7 9. Bd3 g6 10. h3 e5 11. dxe5 Nxe5 12. Nxe5 Qxe5 13. O-O-O dxc4 14. Bxc4
Bf5 15. Bd3 Bxd3 16. Rxd3 b5 17. Rhd1 b4 18. Na4 c5 19. Kb1 Rfc8 20. b3 c4 21.
bxc4 Rc6 22. Nb2 Ne4 23. Na4 Qf6 24. f3 Nd6 25. Nb2 Nb5 26. Ka1 Rb8 27. Qb3 Na3
28. Rd4 a5 29. Qd3 Kg7 30. Rd6 Rxd6 31. Qxd6 Qc3 32. Qd4+ Kg8 33. Qd2 a4 34.
Qc1 Qf6 35. Rd4 b3 36. Nxa4 Nc2+ 37. Kb2 Nxd4 38. Qc3 bxa2+ 39. Kxa2 Qa6 40.
Ka3 Ne6 41. e4 Nc5 0-1

[Event "Tradewise Gibraltar AmatWk1"]
[Site "Gibraltar"]
[Date "2017.01.23"]
[Round "1.27"]
[White "Sandhya, Goli"]
[Black "Brooker, Chris H"]
[Result "1-0"]
[WhiteElo "1745"]
[BlackElo "1745"]
[PlyCount "75"]
[EventDate "2017.01.23"]
[EventType "swiss"]
[EventRounds "5"]
[EventCountry "GGB"]
[SourceTitle "BritBase"]
[Source "www.saund.co.uk"]
[SourceDate "2018.02.10"]
[SourceVersion "1"]
[SourceVersionDate "2018.02.10"]
[SourceQuality "1"]

1. e4 e6 2. d4 d5 3. Bd3 Nf6 4. e5 Nfd7 5. Ne2 c5 6. c3 Nc6 7. f4 Qb6 8. Bc2
Be7 9. O-O cxd4 10. cxd4 f6 11. Kh1 Nf8 12. Nbc3 Bd7 13. a3 O-O-O 14. Na4 Qc7
15. b4 Kb8 16. Rb1 Rc8 17. Bd3 Nd8 18. Nc5 f5 19. Be3 Nf7 20. Qd2 h6 21. Ba6
Nd8 22. Rfc1 Bxc5 23. bxc5 Bc6 24. Qb2 Ka8 25. Bd3 Nh7 26. Nc3 g5 27. Qb4 gxf4
28. Bxf4 Ng5 29. Bb5 Ne4 30. Na4 Rh7 31. Nb6+ Kb8 32. Nxc8 Kxc8 33. Rc2 h5 34.
a4 Rg7 35. h3 Rh7 36. a5 Bxb5 37. Qxb5 Qc6 38. Qd3 1-0

[Event "Tradewise Gibraltar AmatWk1"]
[Site "Gibraltar"]
[Date "2017.01.23"]
[Round "1.28"]
[White "Olde, Karl Erik"]
[Black "Guegan, Michel"]
[Result "1/2-1/2"]
[WhiteElo "1352"]
[BlackElo "1738"]
[PlyCount "62"]
[EventDate "2017.01.23"]
[EventType "swiss"]
[EventRounds "5"]
[EventCountry "GGB"]
[SourceTitle "BritBase"]
[Source "www.saund.co.uk"]
[SourceDate "2018.02.10"]
[SourceVersion "1"]
[SourceVersionDate "2018.02.10"]
[SourceQuality "1"]

1. c4 Nf6 2. g3 g6 3. Bg2 Bg7 4. Nf3 d6 5. d4 O-O 6. O-O Nc6 7. Nc3 e5 8. d5
Ne7 9. e4 a5 10. a4 Nd7 11. Ne1 Nc5 12. Nd3 b6 13. Nxc5 bxc5 14. Rb1 f5 15. f4
Rb8 16. Nb5 fxe4 17. Bxe4 Bf5 18. Bxf5 Nxf5 19. fxe5 Bxe5 20. Bd2 Qd7 21. Bxa5
c6 22. dxc6 Qxc6 23. Qd5+ Qxd5 24. cxd5 Ra8 25. Bc3 Rxa4 26. Bxe5 dxe5 27. Nc3
Rb4 28. Rfe1 Rfb8 29. Rxe5 Rxb2 30. Rxb2 Rxb2 31. d6 Nxd6 1/2-1/2

[Event "Tradewise Gibraltar AmatWk1"]
[Site "Gibraltar"]
[Date "2017.01.23"]
[Round "1.29"]
[White "Ocana, Jeremy"]
[Black "Smedsrud, Morten S"]
[Result "1-0"]
[WhiteElo "1733"]
[BlackElo "1345"]
[PlyCount "115"]
[EventDate "2017.01.23"]
[EventType "swiss"]
[EventRounds "5"]
[EventCountry "GGB"]
[SourceTitle "BritBase"]
[Source "www.saund.co.uk"]
[SourceDate "2018.02.10"]
[SourceVersion "1"]
[SourceVersionDate "2018.02.10"]
[SourceQuality "1"]

1. d4 d5 2. Bf4 Bf5 3. e3 Nf6 4. Nc3 c6 5. Nf3 e6 6. h3 Qa5 7. Bd3 Ne4 8. Bxe4
Bxe4 9. O-O Nd7 10. a3 Nf6 11. b4 Qd8 12. g4 Be7 13. Nd2 Bg6 14. Ra2 h5 15. g5
Ne4 16. Ncxe4 dxe4 17. f3 Bxg5 18. fxe4 Bxf4 19. Rxf4 Qg5+ 20. Kh2 h4 21. Qg4
Rh5 22. Nf3 Qxg4 23. Rxg4 Ke7 24. c4 Rg8 25. Nxh4 Rgh8 26. Nxg6+ fxg6 27. Rg3
g5 28. Rf2 g4 29. Rxg4 Rxh3+ 30. Kg2 Rh2+ 31. Kf3 R2h3+ 32. Ke2 R8h7 33. Rgf4
g5 34. Rg4 R7h5 35. Rfg2 Kf6 36. e5+ Kg6 37. b5 Kf5 38. a4 Rh2 39. Kd3 Rxg2 40.
Rxg2 g4 41. bxc6 bxc6 42. e4+ Kf4 43. Rf2+ Kg3 44. Rf6 Kh2 45. Rxe6 g3 46. Rxc6
Rg5 47. Ke3 g2 48. Kf3 Rh5 49. Rg6 g1=Q 50. Rxg1 Kxg1 51. Kg4 Rh8 52. d5 Kf2
53. e6 Ke3 54. Kf5 Kd4 55. d6 Rf8+ 56. Kg6 Ke5 57. e7 Re8 58. Kf7 1-0

[Event "Tradewise Gibraltar AmatWk1"]
[Site "Gibraltar"]
[Date "2017.01.23"]
[Round "1.30"]
[White "McLeod, Paul"]
[Black "White, Gary"]
[Result "0-1"]
[WhiteElo "1344"]
[BlackElo "1716"]
[PlyCount "88"]
[EventDate "2017.01.23"]
[EventType "swiss"]
[EventRounds "5"]
[EventCountry "GGB"]
[SourceTitle "BritBase"]
[Source "www.saund.co.uk"]
[SourceDate "2018.02.10"]
[SourceVersion "1"]
[SourceVersionDate "2018.02.10"]
[SourceQuality "1"]

1. d4 f5 2. Nc3 Nf6 3. e3 e6 4. Nf3 Be7 5. Bd3 O-O 6. O-O d6 7. b3 Qe8 8. h3
Bd8 9. Bb2 e5 10. Bc4+ Kh8 11. dxe5 dxe5 12. Nd5 c6 13. Nxf6 Bxf6 14. Re1 Nd7
15. b4 Nb6 16. Bb3 Be6 17. Bxe6 Qxe6 18. c3 Rad8 19. Qb3 Rfe8 20. Qxe6 Rxe6 21.
Rad1 Red6 22. Rxd6 Rxd6 23. Bc1 Nc4 24. e4 f4 25. Re2 Rd3 26. Bd2 g5 27. a4 h5
28. Be1 Kg7 29. a5 Kg6 30. Kf1 g4 31. hxg4 hxg4 32. Nh2 Kh5 33. Ra2 f3 34. g3
Nd6 35. Rc2 Nxe4 36. Rc1 Bg5 37. Ra1 Bd2 38. Bxd2 Rxd2 39. Re1 Nxg3+ 40. Kg1
Ne2+ 41. Kh1 Kh4 42. Nf1 Rc2 43. Rd1 Nxc3 44. Rd2 Rc1 0-1

[Event "Tradewise Gibraltar AmatWk1"]
[Site "Gibraltar"]
[Date "2017.01.24"]
[Round "2.1"]
[White "White, Gary"]
[Black "Bosschem, Eddy"]
[Result "0-1"]
[WhiteElo "1716"]
[BlackElo "1899"]
[PlyCount "76"]
[EventDate "2017.01.23"]
[EventType "swiss"]
[EventRounds "5"]
[EventCountry "GGB"]
[SourceTitle "BritBase"]
[Source "www.saund.co.uk"]
[SourceDate "2018.02.10"]
[SourceVersion "1"]
[SourceVersionDate "2018.02.10"]
[SourceQuality "1"]

1. f4 d5 2. Nf3 g6 3. e3 Bg7 4. Be2 c5 5. O-O Nc6 6. Qe1 Nh6 7. d3 Nf5 8. Bd1
Qb6 9. c3 O-O 10. Bb3 Rd8 11. g4 Nh6 12. h3 a5 13. Na3 Qa6 14. Rf2 b5 15. Bxd5
Rxd5 16. Nxb5 Qb6 17. Qe2 Rd8 18. d4 a4 19. dxc5 Qxc5 20. Nbd4 f5 21. g5 Nf7
22. h4 e5 23. Nxc6 Qxc6 24. Bd2 Bb7 25. Kh2 Re8 26. Qf1 Rad8 27. Re1 exf4 28.
Nd4 Qd5 29. c4 Qe4 30. Kh3 f3 31. Qg1 Ne5 32. Ref1 Qd3 33. Rd1 Ng4 34. Rff1 f2
35. Qg3 Be5 36. Bc3 Qe4 37. Qf3 Qxf3+ 38. Nxf3 Rxd1 0-1

[Event "Tradewise Gibraltar AmatWk1"]
[Site "Gibraltar"]
[Date "2017.01.24"]
[Round "2.2"]
[White "Garcia Valer, Jesus"]
[Black "Sandhya, Goli"]
[Result "1/2-1/2"]
[WhiteElo "1891"]
[BlackElo "1745"]
[PlyCount "139"]
[EventDate "2017.01.23"]
[EventType "swiss"]
[EventRounds "5"]
[EventCountry "GGB"]
[SourceTitle "BritBase"]
[Source "www.saund.co.uk"]
[SourceDate "2018.02.10"]
[SourceVersion "1"]
[SourceVersionDate "2018.02.10"]
[SourceQuality "1"]

1. e4 c5 2. Nc3 d6 3. f4 g6 4. Nf3 Bg7 5. Bc4 Nc6 6. d3 e6 7. O-O Nge7 8. a3
O-O 9. Ne2 d5 10. Ba2 b6 11. e5 d4 12. Ng3 Nd5 13. Qe2 Nce7 14. Ng5 h6 15. N5e4
Nf5 16. Nxf5 exf5 17. Nd6 Be6 18. Qf3 Ne7 19. Bxe6 fxe6 20. Qg3 Kh7 21. Bd2 Rg8
22. Qh3 Bf8 23. Nf7 Qd7 24. Ng5+ Kg7 25. Nf3 Nd5 26. Rae1 Be7 27. g4 Raf8 28.
Re2 fxg4 29. Qxg4 h5 30. Qg3 Rf5 31. c3 dxc3 32. bxc3 Kh7 33. c4 Nc7 34. Ne1 g5
35. fxg5 Bxg5 36. Rg2 Rxf1+ 37. Kxf1 Qf7+ 38. Qf2 Qxf2+ 39. Rxf2 Bxd2 40. Rxd2
Rf8+ 41. Ke2 Rf4 42. Nf3 Kg6 43. Ke3 Rg4 44. d4 cxd4+ 45. Rxd4 Rxd4 46. Nxd4
Kg5 47. Ke4 Kg4 48. Nf3 Na6 49. Ke3 Nc5 50. Ng1 Kf5 51. Nf3 Nd7 52. Nd4+ Kxe5
53. Nc6+ Kd6 54. Nxa7 Kc5 55. Nb5 Kxc4 56. Nc7 e5 57. Ke4 Kb3 58. Nb5 Ka4 59.
Nd6 Kxa3 60. Nc4+ Kb4 61. Nxb6 Nxb6 62. Kxe5 h4 63. Kf4 Nd5+ 64. Kg4 Kc5 65.
Kxh4 Kd6 66. Kg5 Ke7 67. Kg6 Nf6 68. h4 Ke6 69. h5 Nxh5 70. Kxh5 1/2-1/2

[Event "Tradewise Gibraltar AmatWk1"]
[Site "Gibraltar"]
[Date "2017.01.24"]
[Round "2.3"]
[White "Robles, Bryan"]
[Black "Ansari, Athar"]
[Result "0-1"]
[WhiteElo "1711"]
[BlackElo "1887"]
[PlyCount "168"]
[EventDate "2017.01.23"]
[EventType "swiss"]
[EventRounds "5"]
[EventCountry "GGB"]
[SourceTitle "BritBase"]
[Source "www.saund.co.uk"]
[SourceDate "2018.02.10"]
[SourceVersion "1"]
[SourceVersionDate "2018.02.10"]
[SourceQuality "1"]

1. d4 Nf6 2. c4 e6 3. Nc3 Bb4 4. Qc2 b6 5. e4 Bb7 6. Bd3 d6 7. Nge2 c5 8. d5
Nbd7 9. Bf4 e5 10. Bd2 O-O 11. O-O Nh5 12. Nb5 Bxd2 13. Qxd2 Qe7 14. b3 a6 15.
Nbc3 Qf6 16. Rab1 Nf4 17. Bc2 Qg5 18. Nxf4 exf4 19. Ne2 Ne5 20. Qxf4 Qxf4 21.
Nxf4 b5 22. Nd3 Nxd3 23. Bxd3 b4 24. Rfe1 f6 25. Re3 a5 26. Rbe1 a4 27. Bc2
axb3 28. Bxb3 g5 29. g3 Kf7 30. f4 gxf4 31. gxf4 Rg8+ 32. Kf2 Rg4 33. f5 Rag8
34. Rg3 Rf4+ 35. Kg2 Re8 36. Rge3 Rg4+ 37. Kh3 Reg8 38. Rg3 R4g5 39. Reg1 h6
40. Rxg5 hxg5 41. Rg4 Bc8 42. Kg3 Bd7 43. Kg2 Be8 44. Rg3 Bd7 45. Rh3 Kg7 46.
Rg3 Rh8 47. Rh3 Ra8 48. Re3 Ba4 49. Re2 Bxb3 50. axb3 Ra1 51. Rb2 Re1 52. Kf3
Kh6 53. Kf2 Rxe4 54. Ra2 Rf4+ 55. Ke3 Rh4 56. Kd3 Rh3+ 57. Ke4 Rxb3 58. Ra6 Rc3
59. Rxd6 Rxc4+ 60. Kd3 Rd4+ 61. Kc2 Kg7 62. Rd7+ Kf8 63. Kb3 Ke8 64. Rd6 Ke7
65. Re6+ Kf7 66. Rd6 Rd3+ 67. Kc4 Rc3+ 68. Kb5 b3 69. Ka4 b2 70. Rb6 Rc4+ 71.
Ka3 Rb4 72. Rxb4 cxb4+ 73. Kxb2 Ke7 74. Kb3 Kd6 75. Kxb4 Kxd5 76. Kc3 Ke4 77.
Kd2 Kxf5 78. Ke3 Kg4 79. Kf2 Kh3 80. Kg1 f5 81. Kh1 f4 82. Kg1 g4 83. Kh1 f3
84. Kg1 f2+ 0-1

[Event "Tradewise Gibraltar AmatWk1"]
[Site "Gibraltar"]
[Date "2017.01.24"]
[Round "2.4"]
[White "Stamenov, Valeriy"]
[Black "Ocana, Jeremy"]
[Result "1-0"]
[WhiteElo "1839"]
[BlackElo "1733"]
[PlyCount "133"]
[EventDate "2017.01.23"]
[EventType "swiss"]
[EventRounds "5"]
[EventCountry "GGB"]
[SourceTitle "BritBase"]
[Source "www.saund.co.uk"]
[SourceDate "2018.02.10"]
[SourceVersion "1"]
[SourceVersionDate "2018.02.10"]
[SourceQuality "1"]

1. e4 d6 2. d4 Nf6 3. Nc3 e5 4. Nf3 Nbd7 5. Bg5 Be7 6. Bc4 c6 7. a4 Qa5 8. O-O
exd4 9. Qxd4 Ne5 10. Nxe5 dxe5 11. Qd3 O-O 12. h3 Rd8 13. Qe2 Be6 14. Bxe6 fxe6
15. Qc4 Rd6 16. Be3 Qa6 17. Qxa6 bxa6 18. Bc5 Rd7 19. Bxe7 Rxe7 20. Rfd1 Rb8
21. b3 Rb4 22. f3 Rd4 23. Ne2 Rdd7 24. Kf1 a5 25. Ke1 Kf7 26. Rxd7 Rxd7 27. Rd1
Ke7 28. Rxd7+ Kxd7 29. Kd2 g5 30. Ng3 Kd6 31. Kc3 Kc5 32. Nf1 h5 33. Ne3 Nd7
34. Nc4 a6 35. Nxa5 Kb6 36. Nc4+ Kc7 37. b4 h4 38. a5 c5 39. Kb3 Kc6 40. c3 Kc7
41. Nd2 Nf6 42. Kc4 Kc6 43. Nb3 Nd7 44. Nc1 cxb4 45. cxb4 Nf6 46. Nd3 Nd7 47.
Nf2 Nf8 48. Ng4 Ng6 49. Nh6 Nh8 50. b5+ axb5+ 51. Kb4 Ng6 52. Nf7 Nf4 53. Nxe5+
Kd6 54. Nf7+ Kc6 55. Nxg5 Nd3+ 56. Kc3 Nc5 57. f4 Kd6 58. Kb4 Kc6 59. f5 exf5
60. exf5 Na6+ 61. Kc3 Kd6 62. Nf3 Kd5 63. Nxh4 b4+ 64. Kb3 Kc5 65. f6 Kb5 66.
f7 Nc5+ 67. Kb2 1-0

[Event "Tradewise Gibraltar AmatWk1"]
[Site "Gibraltar"]
[Date "2017.01.24"]
[Round "2.5"]
[White "Bishop, Geoffrey L"]
[Black "Mena Castillo, Luis"]
[Result "1-0"]
[WhiteElo "1677"]
[BlackElo "1829"]
[PlyCount "70"]
[EventDate "2017.01.23"]
[EventType "swiss"]
[EventRounds "5"]
[EventCountry "GGB"]
[SourceTitle "BritBase"]
[Source "www.saund.co.uk"]
[SourceDate "2018.02.10"]
[SourceVersion "1"]
[SourceVersionDate "2018.02.10"]
[SourceQuality "1"]

1. e4 c5 2. Nf3 Nc6 3. d4 cxd4 4. Nxd4 Nf6 5. Nc3 d6 6. Bc4 a6 7. Nxc6 bxc6 8.
e5 Nd7 9. e6 fxe6 10. Bxe6 Nf6 11. Bb3 e5 12. Bg5 h6 13. Bh4 g5 14. Bg3 Bf5 15.
Qf3 Qc8 16. Ba4 Kf7 17. Bxc6 Rb8 18. Ba4 h5 19. Bb3+ Kg6 20. h4 g4 21. Qe2 Bh6
22. O-O Qc5 23. Rad1 Rhd8 24. Nd5 Nxd5 25. Rxd5 Qc6 26. Rfd1 Bg7 27. Ra5 Rb5
28. Ba4 Qc7 29. Rxa6 Rxb2 30. Rc6 Qe7 31. Bb3 Rxb3 32. cxb3 Bf6 33. Qa6 Be4 34.
Rcxd6 Rf8 35. Re6 Qg7 1-0

[Event "Tradewise Gibraltar AmatWk1"]
[Site "Gibraltar"]
[Date "2017.01.24"]
[Round "2.6"]
[White "Dennis, Nigel W"]
[Black "Stuart, Brian"]
[Result "0-1"]
[WhiteElo "1818"]
[BlackElo "1715"]
[PlyCount "107"]
[EventDate "2017.01.23"]
[EventType "swiss"]
[EventRounds "5"]
[EventCountry "GGB"]
[SourceTitle "BritBase"]
[Source "www.saund.co.uk"]
[SourceDate "2018.02.10"]
[SourceVersion "1"]
[SourceVersionDate "2018.02.10"]
[SourceQuality "1"]

1. e4 c5 2. Nf3 d6 3. d4 cxd4 4. Nxd4 Nf6 5. Nc3 a6 6. Be2 g6 7. O-O Bg7 8. Be3
O-O 9. f4 Qc7 10. a4 b6 11. Kh1 Bb7 12. Bf3 e6 13. Qe2 Nbd7 14. Nb3 Nc5 15.
Nxc5 dxc5 16. Rfd1 Rad8 17. Rxd8 Rxd8 18. Rd1 Rxd1+ 19. Qxd1 Qd7 20. Qxd7 Nxd7
21. Nd1 h5 22. c3 Bc6 23. b3 Kf8 24. c4 a5 25. Kg1 Ke7 26. Kf2 Ba1 27. Ke2 Bg7
28. Nf2 f6 29. g3 f5 30. h3 Kf7 31. exf5 Bxf3+ 32. Kxf3 exf5 33. g4 hxg4+ 34.
hxg4 Ke6 35. Nh3 Bf6 36. gxf5+ gxf5 37. Nf2 Nb8 38. Nd3 Nc6 39. Kg3 Bg7 40. Kh4
Bf6+ 41. Kh5 Ne7 42. Bf2 Nc6 43. Be3 Ne7 44. Ne1 Nc6 45. Nf3 Bd4 46. Bd2 Bf6
47. Ng5+ Ke7 48. Kg6 Bxg5 49. fxg5 Nd4 50. Kh7 Ne6 51. g6 Nf8+ 52. Kg7 Nxg6 53.
Kxg6 Ke6 54. Bf4 0-1

[Event "Tradewise Gibraltar AmatWk1"]
[Site "Gibraltar"]
[Date "2017.01.24"]
[Round "2.7"]
[White "Gunn, Michael J"]
[Black "Sevillano Garcia, Joaquin"]
[Result "0-1"]
[WhiteElo "1643"]
[BlackElo "1816"]
[PlyCount "46"]
[EventDate "2017.01.23"]
[EventType "swiss"]
[EventRounds "5"]
[EventCountry "GGB"]
[SourceTitle "BritBase"]
[Source "www.saund.co.uk"]
[SourceDate "2018.02.10"]
[SourceVersion "1"]
[SourceVersionDate "2018.02.10"]
[SourceQuality "1"]

1. e4 e6 2. d4 d5 3. Nd2 Nf6 4. Bd3 c5 5. c3 Nc6 6. e5 Nd7 7. f4 Qb6 8. Ndf3
cxd4 9. cxd4 Nxd4 10. Nxd4 Qxd4 11. Ne2 Bb4+ 12. Kf1 Qb6 13. a3 Be7 14. Nc3 f5
15. Qh5+ g6 16. Qe2 a6 17. b4 O-O 18. Bb2 Qd8 19. b5 Nc5 20. Bc2 Ne4 21. bxa6
bxa6 22. Na4 Bd7 23. Bd4 Bb5 0-1

[Event "Tradewise Gibraltar AmatWk1"]
[Site "Gibraltar"]
[Date "2017.01.24"]
[Round "2.8"]
[White "Hunt, Caro"]
[Black "Ford, Clifton P"]
[Result "1-0"]
[WhiteElo "1631"]
[BlackElo "1781"]
[PlyCount "63"]
[EventDate "2017.01.23"]
[EventType "swiss"]
[EventRounds "5"]
[EventCountry "GGB"]
[SourceTitle "BritBase"]
[Source "www.saund.co.uk"]
[SourceDate "2018.02.10"]
[SourceVersion "1"]
[SourceVersionDate "2018.02.10"]
[SourceQuality "1"]

1. e4 e6 2. d4 d5 3. e5 c5 4. c3 Nc6 5. Nf3 Bd7 6. Bd3 Qb6 7. O-O cxd4 8. cxd4
Nxd4 9. Nxd4 Qxd4 10. Nc3 a6 11. Qe2 Ne7 12. Kh1 Nc6 13. f4 Rc8 14. Be3 Qb4 15.
a3 Qe7 16. Bd2 Nd4 17. Qd1 g6 18. Rc1 Bg7 19. Be3 Nf5 20. Bxf5 gxf5 21. Rf3 Bc6
22. Rg3 f6 23. Bd4 fxe5 24. fxe5 Bd7 25. Ne2 Rxc1 26. Qxc1 Bc6 27. Bc5 Qf7 28.
Bd6 Bf8 29. Bb8 Kd7 30. Nd4 Bxa3 31. bxa3 Rxb8 32. Qc5 1-0

[Event "Tradewise Gibraltar AmatWk1"]
[Site "Gibraltar"]
[Date "2017.01.24"]
[Round "2.9"]
[White "Lopez Diaz, Rafael"]
[Black "Kuenitz, Klaus"]
[Result "0-1"]
[WhiteElo "1779"]
[BlackElo "1690"]
[PlyCount "112"]
[EventDate "2017.01.23"]
[EventType "swiss"]
[EventRounds "5"]
[EventCountry "GGB"]
[SourceTitle "BritBase"]
[Source "www.saund.co.uk"]
[SourceDate "2018.02.10"]
[SourceVersion "1"]
[SourceVersionDate "2018.02.10"]
[SourceQuality "1"]

1. b4 d5 2. Bb2 Bf5 3. e3 e6 4. Nf3 h6 5. Be2 Nf6 6. a3 c5 7. Bb5+ Nbd7 8. Ne5
Rc8 9. g4 Bh7 10. Qf3 Be4 11. Bxd7+ Qxd7 12. Qxe4 Nxe4 13. Nxd7 Kxd7 14. d3 Nf6
15. Bxf6 gxf6 16. b5 Bd6 17. c4 d4 18. Nd2 dxe3 19. fxe3 h5 20. Ne4 hxg4 21.
Nxf6+ Ke7 22. Nxg4 f5 23. Nf2 Rxh2 24. Rxh2 Bxh2 25. Ke2 Rh8 26. Kf3 Be5 27.
Rg1 Kf6 28. Rg2 Kf7 29. Rg1 b6 30. a4 a6 31. Rh1 Ra8 32. Rh7+ Bg7 33. Rh2 axb5
34. axb5 Ra2 35. Rg2 Bh6 36. Nd1 Ra3 37. Rd2 e5 38. Nb2 Ke6 39. Rh2 Bg7 40. Nd1
Rxd3 41. Nb2 e4+ 42. Ke2 Bxb2 43. Rh7 Bc1 44. Rh6+ Ke5 45. Rxb6 Bxe3 46. Rb8
Kf4 47. Rh8 Rd2+ 48. Ke1 Rb2 49. Rh4+ Ke5 50. Rh5 Bd4 51. Kd1 e3 52. Rh8 e2+
53. Ke1 Bc3+ 54. Kf2 e1=Q+ 55. Kf3 Qe4+ 56. Kg3 Rg2+ 0-1

[Event "Tradewise Gibraltar AmatWk1"]
[Site "Gibraltar"]
[Date "2017.01.24"]
[Round "2.11"]
[White "Carbonnier, Arnaud"]
[Black "Ramesh, Balasubramanian"]
[Result "0-1"]
[WhiteElo "1750"]
[BlackElo "1646"]
[PlyCount "84"]
[EventDate "2017.01.23"]
[EventType "swiss"]
[EventRounds "5"]
[EventCountry "GGB"]
[SourceTitle "BritBase"]
[Source "www.saund.co.uk"]
[SourceDate "2018.02.10"]
[SourceVersion "1"]
[SourceVersionDate "2018.02.10"]
[SourceQuality "1"]

1. d4 Nf6 2. c4 e6 3. Nc3 Bb4 4. Qc2 b6 5. Bd2 Bb7 6. Nf3 O-O 7. e3 Bxc3 8.
Bxc3 Ne4 9. Bd3 f5 10. O-O-O d6 11. Be1 Nd7 12. Rg1 Qe7 13. h3 e5 14. dxe5 dxe5
15. Nd2 Ndc5 16. f3 Nd6 17. Be2 a5 18. Nb3 Ne6 19. c5 a4 20. cxd6 cxd6 21. Bc3
axb3 22. Qxb3 Kh8 23. Bc4 Nc5 24. Qc2 b5 25. Bb3 Rac8 26. Kb1 Na6 27. Qd2 Rfd8
28. Ba5 Rd7 29. Rc1 Ra8 30. Rgd1 h6 31. Bb4 Qf6 32. Bc3 Qe7 33. Bc2 Rf8 34. f4
exf4 35. exf4 d5 36. Re1 Qf7 37. Qd4 Bc6 38. Qb6 Nb8 39. Qd4 Rb7 40. Re5 b4 41.
Bxb4 Bd7 42. Qc5 Rc8 0-1

[Event "Tradewise Gibraltar AmatWk1"]
[Site "Gibraltar"]
[Date "2017.01.24"]
[Round "2.12"]
[White "Hermes, Geoff R"]
[Black "Walker, Gordon J"]
[Result "1/2-1/2"]
[WhiteElo "1896"]
[BlackElo "1547"]
[PlyCount "71"]
[EventDate "2017.01.23"]
[EventType "swiss"]
[EventRounds "5"]
[EventCountry "GGB"]
[SourceTitle "BritBase"]
[Source "www.saund.co.uk"]
[SourceDate "2018.02.10"]
[SourceVersion "1"]
[SourceVersionDate "2018.02.10"]
[SourceQuality "1"]

1. e4 e5 2. Nf3 Nc6 3. c3 Nf6 4. d4 d6 5. d5 Ne7 6. Bd3 c6 7. c4 Bd7 8. Nc3 Ng6
9. Qb3 Qb6 10. Qc2 Be7 11. Be3 c5 12. h3 a5 13. a4 h6 14. Ra3 Qd8 15. Rb3 Rb8
16. Nb5 O-O 17. Qd2 Bxb5 18. Rxb5 b6 19. g4 Nh7 20. Be2 Ng5 21. Nxg5 Bxg5 22.
Bxg5 Qxg5 23. Qxg5 hxg5 24. Rb3 Nh4 25. Kd2 f6 26. Ra1 Rb7 27. Raa3 Kf7 28. Rb5
Ng2 29. Rab3 Rfb8 30. Bf1 Nf4 31. Ke3 Kg6 32. Kf3 Kf7 33. Kg3 Ng6 34. Be2 Ke7
35. Bf1 Kf7 36. Be2 1/2-1/2

[Event "Tradewise Gibraltar AmatWk1"]
[Site "Gibraltar"]
[Date "2017.01.24"]
[Round "2.13"]
[White "Oliva Parra, Ernesto"]
[Black "Robson, Paul E"]
[Result "0-1"]
[WhiteElo "1578"]
[BlackElo "1897"]
[PlyCount "100"]
[EventDate "2017.01.23"]
[EventType "swiss"]
[EventRounds "5"]
[EventCountry "GGB"]
[SourceTitle "BritBase"]
[Source "www.saund.co.uk"]
[SourceDate "2018.02.10"]
[SourceVersion "1"]
[SourceVersionDate "2018.02.10"]
[SourceQuality "1"]

1. e4 c5 2. Nf3 Nc6 3. Bc4 g6 4. Nc3 Bg7 5. Ne2 Nf6 6. d3 d6 7. h3 O-O 8. a3
Rb8 9. c3 b5 10. Ba2 a5 11. Bd2 b4 12. O-O Qb6 13. axb4 axb4 14. b3 Ba6 15. c4
Bb7 16. Rc1 Ra8 17. Bb1 Ra3 18. Bc2 Rfa8 19. Be3 Ne8 20. Qd2 Nc7 21. Bh6 Bh8
22. Ng5 f6 23. Nf3 Ne6 24. Nf4 Ned4 25. Nd5 Qd8 26. Qd1 Ra2 27. Nh4 Rb2 28. Qg4
Ne5 29. Qd1 Raa2 30. Ne3 Nf7 31. Bf4 g5 32. Bg3 gxh4 33. Bxh4 Bg7 34. Kh1 Bc8
35. Bb1 Ra3 36. Nc2 Raxb3 37. Ba2 Rxa2 38. Nxd4 Rbb2 39. Nf3 Bd7 40. d4 Ba4 41.
Qe1 Re2 42. d5 Rxe1 43. Rfxe1 Qa5 44. Bg3 b3 45. Rb1 b2 46. Re2 Qc3 47. Bf4 Bc2
48. Bd2 Qxc4 49. Ree1 Bxb1 50. Rxb1 Ra1 0-1

[Event "Tradewise Gibraltar AmatWk1"]
[Site "Gibraltar"]
[Date "2017.01.24"]
[Round "2.14"]
[White "Lochte, Szilvia"]
[Black "Zitan, Abdelhay"]
[Result "1/2-1/2"]
[WhiteElo "1829"]
[BlackElo "1678"]
[PlyCount "36"]
[EventDate "2017.01.23"]
[EventType "swiss"]
[EventRounds "5"]
[EventCountry "GGB"]
[SourceTitle "BritBase"]
[Source "www.saund.co.uk"]
[SourceDate "2018.02.10"]
[SourceVersion "1"]
[SourceVersionDate "2018.02.10"]
[SourceQuality "1"]

1. d4 d5 2. Bf4 e6 3. e3 Nf6 4. Nd2 Be7 5. Bd3 O-O 6. Ngf3 Nbd7 7. h3 c5 8. c3
b6 9. O-O Bb7 10. Qc2 Rc8 11. a4 h6 12. Rfe1 Nh5 13. Bh2 f5 14. Ne5 Nxe5 15.
Bxe5 Nf6 16. Qd1 Nd7 17. Bg3 Nf6 18. Be5 Nd7 1/2-1/2